[Event "Reykjavik Open 2026"]
[Site "Reykjavik ISL"]
[Date "2026.03.28"]
[Round "6.96"]
[White "Zhu, Yilun"]
[Black "Kristinsson, Magnus"]
[Result "1-0"]
[WhiteElo "2087"]
[BlackElo "1801"]
[WhiteFideId "8609292"]
[BlackFideId "2305682"]
[EventDate "2026.03.25"]

1. Nf3 Nf6 2. c4 g6 3. Nc3 d5 4. d4 Bg7 5. cxd5 Nxd5 6. e4 Nxc3 7. bxc3 c5 8. h3
Nc6 9. Bd3 Qa5 10. Bd2 Qa3 11. d5 Ne5 12. Nxe5 Bxe5 13. Bb5+ Bd7 14. Bxd7+ Kxd7
15. O-O Bxc3 16. Rb1 Bb4 17. Qg4+ Ke8 18. Bxb4 cxb4 19. Rfc1 Kf8 20. Qf4 a5 21.
Qh6+ Ke8 22. Qg7 Rf8 23. Rc7 Qxa2 24. Rbc1 Qd2 25. Rxe7+ Kxe7 26. Qe5+ Kd8 27.
Qd6+ Ke8 28. Rc7 1-0

[Event "Reykjavik Open 2026"]
[Site "Reykjavik ISL"]
[Date "2026.03.28"]
[Round "6.97"]
[White "Quirke, Jeffrey"]
[Black "Schimmer, Michael"]
[Result "1-0"]
[WhiteElo "2075"]
[BlackElo "1797"]
[WhiteFideId "2013029"]
[BlackFideId "24606014"]
[EventDate "2026.03.25"]

1. d4 Nf6 2. Nf3 e6 3. e3 d5 4. Bd3 c5 5. b3 Nc6 6. Bb2 Bd6 7. O-O O-O 8. Nbd2
cxd4 9. exd4 Nb4 10. Be2 Qc7 11. a3 Nc6 12. Bd3 b6 13. Qe2 Bb7 14. Ne5 Rac8 15.
f4 Ne7 16. c3 Nd7 17. Rae1 Ng6 18. g3 a6 19. a4 Rce8 20. Bxa6 Bxa6 21. Qxa6 Nb8
22. Qd3 Nh8 23. Re3 f6 24. Nef3 Qd7 25. Rfe1 Re7 26. Nb1 Nf7 27. Na3 Nc6 28. Nb5
Rfe8 29. Nxd6 Qxd6 30. Qb5 Na7 31. Qe2 Nh6 32. Ra1 Rf7 33. Ba3 Qd7 34. Re1 e5
35. fxe5 Ng4 36. e6 1-0

[Event "Reykjavik Open 2026"]
[Site "Reykjavik ISL"]
[Date "2026.03.28"]
[Round "6.98"]
[White "Hardarson, Jon Trausti"]
[Black "Hellstrand, Josefina"]
[Result "1-0"]
[WhiteTitle "CM"]
[WhiteElo "2071"]
[BlackElo "1766"]
[WhiteFideId "2302594"]
[BlackFideId "1776797"]
[EventDate "2026.03.25"]

1. d4 Nf6 2. c4 g6 3. Nc3 Bg7 4. e4 d6 5. Be2 Nc6 6. d5 Ne5 7. Nf3 Nxf3+ 8. Bxf3
Bd7 9. Bg5 c6 10. O-O O-O 11. h3 Rc8 12. Qd2 cxd5 13. cxd5 b5 14. Be3 b4 15. Ne2
a5 16. Nd4 Ba4 17. b3 Be8 18. Rac1 Nd7 19. Rxc8 Qxc8 20. Nc6 Bf6 21. Rc1 Nc5 22.
Bxc5 Bxc6 23. Bd4 e5 24. Be3 Be7 25. dxc6 f5 26. exf5 gxf5 27. Bd5+ Kh8 28. Bh6
Rf6 1-0

[Event "Reykjavik Open 2026"]
[Site "Reykjavik ISL"]
[Date "2026.03.28"]
[Round "6.99"]
[White "McCallum, Elliot"]
[Black "Brackmann, Hendrik"]
[Result "0-1"]
[WhiteElo "1812"]
[BlackElo "2060"]
[WhiteFideId "2645718"]
[BlackFideId "12905135"]
[EventDate "2026.03.25"]

1. e4 e6 2. d4 d5 3. e5 c5 4. c3 Nc6 5. Nf3 Bd7 6. Be2 Nge7 7. Na3 cxd4 8. cxd4
Nf5 9. Nc2 Qb6 10. O-O Rc8 11. Bd3 a5 12. Be3 Nb4 13. Nxb4 Bxb4 14. Qe2 a4 15.
Rfc1 O-O 16. h3 h6 17. Rab1 Qa7 18. g4 Nxe3 19. fxe3 g6 20. Qf2 Be7 21. Kh2 b5
22. a3 Qb7 23. b4 axb3 24. Rxc8 Rxc8 25. Rxb3 Qc7 26. Bxb5 Bxb5 27. Rxb5 Bxa3
28. Rb1 Bc1 29. Ne1 Qc3 30. Rb7 Rf8 31. Ng2 Qd3 32. Rc7 Bd2 33. Qf4 Kg7 34. Qf6+
Kg8 35. Qf4 Kg7 36. Qf6+ Kg8 37. Qh4 Bxe3 38. Nxe3 Qxe3 39. Rd7 Qxd4 40. Qxh6
Qxe5+ 41. Kh1 Qe1+ 42. Kg2 Rc8 0-1

[Event "Reykjavik Open 2026"]
[Site "Reykjavik ISL"]
[Date "2026.03.28"]
[Round "6.100"]
[White "Stolpe, Samuel"]
[Black "Thorsteinsdottir, Hallgerdur"]
[Result "0-1"]
[BlackTitle "WFM"]
[WhiteElo "1810"]
[BlackElo "2042"]
[WhiteFideId "30941202"]
[BlackFideId "2302454"]
[EventDate "2026.03.25"]

1. d4 Nf6 2. Nf3 g6 3. g3 Bg7 4. Bg2 O-O 5. O-O d5 6. c4 c6 7. Nc3 dxc4 8. Ne5
Ng4 9. Nxg4 Bxg4 10. Qa4 Qxd4 11. Be3 Qe5 12. Qxc4 Be6 13. Qd3 Bf5 14. Qd2 Na6
15. Bh6 Rfd8 16. Bxg7 Kxg7 17. Qc1 Nb4 18. e4 Bg4 19. h3 Be6 20. Rd1 Qa5 21. a3
Nd3 22. Qc2 Ne5 23. b4 Rxd1+ 24. Qxd1 Qd8 25. Qc2 Qd3 26. Qb2 Nc4 27. Qc1 Rd8
28. Bf1 Qd4 29. Qe1 Nd2 30. Qe3 Qxe3 31. fxe3 Nxf1 32. Kxf1 Bxh3+ 0-1

[Event "Reykjavik Open 2026"]
[Site "Reykjavik ISL"]
[Date "2026.03.28"]
[Round "6.101"]
[White "Krischer, Markus"]
[Black "Eiriksson, Theodor"]
[Result "1-0"]
[WhiteElo "2042"]
[BlackElo "1761"]
[WhiteFideId "34616152"]
[BlackFideId "2322277"]
[EventDate "2026.03.25"]

1. e4 d5 2. exd5 Qxd5 3. Nc3 Qd6 4. d4 Nf6 5. Nf3 c6 6. Bc4 Bg4 7. Be3 e6 8. h3
Bh5 9. g4 Bg6 10. Ne5 Qb4 11. Bb3 Ne4 12. O-O Nxc3 13. bxc3 Qxc3 14. Qf3 Bd6 15.
Rad1 Bxe5 16. dxe5 h5 17. Rd8+ Kxd8 18. Bg5+ f6 19. Qxc3 fxg5 20. Bxe6 Re8 21.
Qd4+ Kc7 22. Qd6+ Kb6 23. Rb1+ Ka5 24. Qa3# 1-0

[Event "Reykjavik Open 2026"]
[Site "Reykjavik ISL"]
[Date "2026.03.28"]
[Round "6.102"]
[White "Jarabek, Milan"]
[Black "Petry, Martin"]
[Result "1/2-1/2"]
[WhiteElo "1804"]
[BlackElo "2042"]
[WhiteFideId "14928264"]
[BlackFideId "1352318"]
[EventDate "2026.03.25"]

1. e4 g6 2. d4 Bg7 3. Nf3 d6 4. Nc3 Nf6 5. h3 c6 6. Be3 b5 7. a3 O-O 8. Qd2 Bb7
9. Bh6 a5 10. Bxg7 Kxg7 11. Bd3 b4 12. Ne2 c5 13. dxc5 dxc5 14. e5 Nd5 15. O-O
e6 16. Ng3 Nd7 17. axb4 1/2-1/2

[Event "Reykjavik Open 2026"]
[Site "Reykjavik ISL"]
[Date "2026.03.28"]
[Round "6.103"]
[White "Vega, Isaac"]
[Black "Snodgrass, Benjamin"]
[Result "1/2-1/2"]
[WhiteElo "1803"]
[BlackElo "2040"]
[WhiteFideId "30914035"]
[BlackFideId "30915422"]
[EventDate "2026.03.25"]

1. e4 d6 2. d4 Nf6 3. Nc3 e5 4. Nf3 Nbd7 5. Bc4 Be7 6. O-O O-O 7. Re1 c6 8. a4
h6 9. a5 Re8 10. h3 Bf8 11. d5 b5 12. axb6 Nxb6 13. Bb3 cxd5 14. Nxd5 Nbxd5 15.
exd5 Qc7 16. Be3 Nd7 17. Ba4 Re7 18. Bc6 Bb7 19. Bxd7 Rxd7 20. Rxa7 Rxa7 21.
Bxa7 Qa5 22. Be3 Qxd5 23. Qxd5 Bxd5 24. Rd1 Be6 25. b4 Rc7 26. Ne1 d5 27. Rb1 d4
28. Bd2 f5 29. b5 e4 30. b6 Rb7 31. Bf4 Bc5 32. Bc7 Bc4 33. g3 Kf7 34. Kg2 Ke6
35. g4 fxg4 36. hxg4 Bd6 37. Bxd6 Kxd6 38. f3 Bd5 39. fxe4 Bxe4+ 40. Kg3 Rf7 41.
Rb4 Bb7 42. Rxd4+ Kc5 43. Rf4 Re7 44. Nd3+ Kxb6 45. Rf5 Re2 46. Rf2 Re3+ 47. Kf4
Re4+ 48. Kf5 Rc4 49. Ne5 Bc8+ 50. Kg6 Re4 51. Kxg7 Rxe5 52. Kxh6 Bxg4 53. Rd2
Kc5 54. Kg6 Kc4 55. Kf6 Re1 56. Kg5 Bd1 57. Kf4 Kc3 58. Rd8 Bxc2 59. Rd6 Bd3 60.
Rc6+ Kd2 61. Rh6 Re4+ 62. Kf3 Re8 63. Rh2+ Kc3 64. Rh4 Be2+ 65. Kf2 Kd2 66. Rf4
Rh8 67. Rd4+ Bd3 68. Rf4 Rh1 69. Kg2 Re1 70. Kg3 Ke3 71. Rf3+ Ke4 72. Rf4+ Ke5
73. Rh4 Rf1 74. Kg2 Rf8 75. Kg3 Be4 76. Rh5+ Kd4 77. Ra5 Ke3 78. Kg4 Rg8+ 79.
Rg5 Rf8 80. Ra5 Rf1 81. Kg5 Kd4 82. Rb5 Bd5 83. Rb2 Ke5 84. Re2+ Be4 85. Kh4 Kf4
86. Kh3 Kf3 87. Rh2 Rg1 88. Kh4 Rg8 89. Rb2 Kf4 90. Rb5 Rg4+ 91. Kh5 Rg1 92. Kh6
Rg6+ 93. Kh5 Rg7 94. Kh4 Rg1 95. Rb3 Bf5 96. Rb4+ Ke5 97. Rb5+ Kf6 98. Rb6+ Be6
99. Rb5 Rg4+ 100. Kh5 Rc4 101. Rb6 Rc3 102. Rb4 Rd3 103. Rf4+ Ke5 104. Rf2 Bf5
105. Re2+ Kf6 106. Rh2 Rd4 107. Rf2 Rd8 108. Kh4 Rg8 1/2-1/2

[Event "Reykjavik Open 2026"]
[Site "Reykjavik ISL"]
[Date "2026.03.28"]
[Round "6.104"]
[White "Althoff, Ralph"]
[Black "Filippo, Gaston"]
[Result "1-0"]
[WhiteElo "2035"]
[BlackElo "1760"]
[WhiteFideId "4623177"]
[BlackFideId "1362119"]
[EventDate "2026.03.25"]

1. d4 Nf6 2. Nf3 g6 3. g3 Bg7 4. Bg2 O-O 5. O-O d5 6. c4 c6 7. cxd5 cxd5 8. Ne5
Nc6 9. Nxc6 bxc6 10. Nc3 e5 11. dxe5 Ng4 12. Qa4 Nxe5 13. Rd1 Bd7 14. Qa3 Nc4
15. Qc5 Bxc3 16. bxc3 Qb6 17. Qe7 Qd8 18. Qxd8 Raxd8 19. Bh6 Rfe8 20. Bg5 Rb8
21. e4 Rb5 22. exd5 cxd5 23. Bxd5 Be6 24. Bc6 Rxg5 25. Bxe8 Bg4 26. Rd4 Ne5 27.
Kg2 Rh5 28. h4 Bf3+ 29. Kf1 Ng4 30. Rf4 Ne5 1-0

[Event "Reykjavik Open 2026"]
[Site "Reykjavik ISL"]
[Date "2026.03.28"]
[Round "6.105"]
[White "Paricharak, Nakul"]
[Black "Stevens, Christian FRA"]
[Result "1-0"]
[WhiteElo "1797"]
[BlackElo "2034"]
[WhiteFideId "7500173"]
[BlackFideId "649090"]
[EventDate "2026.03.25"]

1. d4 Nf6 2. c4 g6 3. Nf3 Bg7 4. g3 O-O 5. Bg2 d6 6. O-O c5 7. Nc3 Nc6 8. b3 Bg4
9. e3 Nd7 10. Ne2 cxd4 11. exd4 e5 12. h3 Bxf3 13. Bxf3 exd4 14. Bb2 d3 15. Nc3
Nde5 16. Be4 f5 17. Bxd3 f4 18. Be4 fxg3 19. fxg3 Qg5 20. Kg2 Rxf1 21. Qxf1 Rf8
22. Qe2 Nd4 23. Bd5+ Kh8 24. Ne4 Nxe2 25. Nxg5 Re8 26. Re1 Nd3 27. Nf7+ Kg8 28.
Nxd6+ 1-0

[Event "Reykjavik Open 2026"]
[Site "Reykjavik ISL"]
[Date "2026.03.28"]
[Round "6.106"]
[White "Janssens, Carlo"]
[Black "Von Kistowski, Fynn"]
[Result "1/2-1/2"]
[WhiteElo "2028"]
[BlackElo "1727"]
[WhiteFideId "217492"]
[BlackFideId "1353888"]
[EventDate "2026.03.25"]

1. Nf3 Nf6 2. c4 b6 3. Nc3 Bb7 4. d4 e6 5. e3 Bb4 6. Bd3 Ne4 7. Qc2 f5 8. a3
Bxc3+ 9. bxc3 d6 10. O-O Nd7 11. Nd2 Ndf6 12. f3 Nxd2 13. Bxd2 O-O 14. e4 fxe4
15. fxe4 e5 16. Bg5 h6 17. Bh4 Qe7 18. c5 dxc5 19. Rf5 cxd4 20. cxd4 Qd7 21.
Qc4+ Kh8 22. d5 Ng4 23. Rxf8+ Rxf8 24. Qb4 Rc8 25. h3 Nf6 26. Rf1 a5 27. Qb2 Qd6
28. Rf5 Nd7 29. Bg3 c6 30. Bxe5 Nxe5 31. Qxe5 Qxe5 32. Rxe5 cxd5 33. exd5 Rd8
34. Bc4 b5 1/2-1/2

[Event "Reykjavik Open 2026"]
[Site "Reykjavik ISL"]
[Date "2026.03.28"]
[Round "6.107"]
[White "Wang, Shanshan"]
[Black "Braun, Janosch"]
[Result "1-0"]
[WhiteTitle "WFM"]
[WhiteElo "2011"]
[BlackElo "1728"]
[WhiteFideId "8605262"]
[BlackFideId "1355171"]
[EventDate "2026.03.25"]

1. e4 e5 2. Nf3 Nc6 3. Bc4 Bc5 4. d3 Nf6 5. O-O d6 6. h3 h6 7. c3 a6 8. d4 exd4
9. cxd4 Bb6 10. Nc3 O-O 11. a3 Nxe4 12. Bxf7+ Rxf7 13. Nxe4 Bf5 14. Ng3 Bh7 15.
Be3 Qd7 16. d5 Ne7 17. Bxb6 cxb6 18. Qb3 b5 19. Nd4 Rc8 20. Rac1 b6 21. Ne6 Qb7
22. Ne2 Rxc1 23. Rxc1 Be4 24. Nd8 Bxd5 25. Qd3 Qd7 26. Nxf7 Kxf7 27. Nd4 Bc4 28.
Qf3+ Kg8 29. Re1 Ng6 30. b3 Bf7 31. Qa8+ Kh7 32. Qxa6 Nf4 33. Qxb5 Qxb5 34. Nxb5
Bxb3 35. Nxd6 Bd5 36. f3 1-0

[Event "Reykjavik Open 2026"]
[Site "Reykjavik ISL"]
[Date "2026.03.28"]
[Round "6.108"]
[White "Striskova, Lucia"]
[Black "O Hanlon, Joe"]
[Result "1-0"]
[WhiteTitle "WFM"]
[WhiteElo "2010"]
[BlackElo "1725"]
[WhiteFideId "14960958"]
[BlackFideId "2512157"]
[EventDate "2026.03.25"]

1. e4 d5 2. exd5 Qxd5 3. Nc3 Qd8 4. d4 Nf6 5. Nf3 Bg4 6. h3 Bxf3 7. Qxf3 c6 8.
Bd3 e6 9. Be3 Nbd7 10. O-O Bd6 11. Rfe1 O-O 12. Rad1 Qc7 13. Ne4 Nxe4 14. Qxe4
Nf6 15. Qh4 Be7 16. Bg5 h6 17. Bxh6 Nd5 18. Qg4 Bf6 19. c4 Ne7 20. Bg5 Bxg5 21.
Qxg5 g6 22. b3 Kg7 23. Re2 Rh8 24. Qe5+ Qxe5 25. dxe5 Rad8 26. Red2 Rh5 27. f4
Rh4 28. Bc2 Rxd2 29. Rxd2 Rxf4 30. Rd7 Nf5 31. Bxf5 Rxf5 32. Rxb7 a5 33. Rc7
Rxe5 34. Rxc6 Kf6 35. Rd6 Rc5 36. Kf2 Ke5 37. Rd7 f5 38. Ke3 g5 39. g3 f4+ 40.
gxf4+ gxf4+ 41. Kf3 Rc8 42. Ra7 Rc5 43. Rf7 Kd4 44. Rxf4+ Kc3 45. Re4 Rh5 46.
Kg4 Rh6 47. c5 Kd3 48. Re1 Kd4 49. c6 Rh7 50. Rxe6 1-0

[Event "Reykjavik Open 2026"]
[Site "Reykjavik ISL"]
[Date "2026.03.28"]
[Round "6.109"]
[White "Thorisson, Benedikt"]
[Black "Austin, Freya"]
[Result "1-0"]
[WhiteElo "2003"]
[BlackElo "1708"]
[WhiteFideId "2314576"]
[BlackFideId "39932079"]
[EventDate "2026.03.25"]

1. e4 c5 2. Nf3 Nc6 3. d4 cxd4 4. Nxd4 g6 5. Be3 Bg7 6. Nc3 Nf6 7. Bc4 Qa5 8.
O-O O-O 9. h3 d6 10. Qd2 Nxe4 11. Nxc6 Nxd2 12. Nxa5 Nxf1 13. Rxf1 Bf5 14. Nd5
e6 15. Ne7+ Kh8 16. Nxf5 gxf5 17. c3 d5 18. Be2 b6 19. Nb3 Rac8 20. f4 Rg8 21.
Kf2 Bf6 22. Bd4 Bxd4+ 23. Nxd4 Kg7 24. a4 Kf6 25. Ra1 Rc5 26. Bb5 h6 27. Ra3 Ra8
28. Ba6 Rc7 29. Be2 a5 30. Rb3 Rb8 31. Bb5 Rbc8 32. Ra3 Rg8 33. Ra1 Rcc8 34. Rg1
Rg7 35. Nc6 Rc7 36. g4 Rg8 37. Ne5 Ke7 38. gxf5 Rxg1 39. Kxg1 exf5 40. Nc6+ Kf6
41. Kf2 Rc8 42. Ne5 Rd8 43. Nd7+ Kg6 44. Ke3 Kh5 45. Nxb6 Kh4 46. Kd4 Kxh3 47.
Nxd5 Kg4 48. Be2+ Kg3 49. c4 Rh8 50. Bh5 Kh4 51. Bxf7 Kg4 52. Ke5 Rf8 53. Bg6
Rb8 54. c5 Rxb2 55. c6 Re2+ 56. Kf6 h5 57. c7 1-0

[Event "Reykjavik Open 2026"]
[Site "Reykjavik ISL"]
[Date "2026.03.28"]
[Round "6.110"]
[White "Van de Steeg, Tim"]
[Black "Robichaud, Andrew"]
[Result "1-0"]
[WhiteElo "2002"]
[BlackElo "1708"]
[WhiteFideId "40108112"]
[BlackFideId "39963381"]
[EventDate "2026.03.25"]

1. d4 g6 2. e4 Bg7 3. c4 d6 4. Nc3 Nf6 5. Nf3 O-O 6. Be2 Nbd7 7. h3 e5 8. Be3 a6
9. Qd2 c5 10. d5 Ne8 11. g4 f6 12. h4 Rf7 13. O-O-O Nf8 14. Rdg1 b5 15. g5 f5
16. exf5 Bxf5 17. h5 b4 18. hxg6 Nxg6 19. Nb1 Qa5 20. b3 Qc7 21. Nh4 Nxh4 22.
Rxh4 Qe7 23. Bg4 e4 24. Bxf5 Rxf5 25. Qc2 Be5 26. Nd2 a5 27. Nxe4 Ng7 28. Nf6+
Bxf6 29. gxf6 Qxf6 30. Rhg4 Ra7 31. Qb2 h5 32. Rg6 Qxb2+ 33. Kxb2 Rd7 34. R1g2
h4 35. Rh6 Kf7 36. Rxh4 Rf6 37. Rhg4 Kf8 38. Bg5 Rff7 39. Bh6 Kg8 40. Kc2 Kh7
41. Bxg7 1-0

[Event "Reykjavik Open 2026"]
[Site "Reykjavik ISL"]
[Date "2026.03.28"]
[Round "6.111"]
[White "Muhr, Andreas"]
[Black "Mehta, Hursh"]
[Result "1-0"]
[WhiteElo "1740"]
[BlackElo "2000"]
[WhiteFideId "1619683"]
[BlackFideId "30961157"]
[EventDate "2026.03.25"]

1. Nc3 c5 2. e4 g6 3. Bc4 Nc6 4. Nf3 Bg7 5. Nd5 e6 6. Ne3 Nge7 7. c3 d5 8. exd5
exd5 9. Bb5 O-O 10. O-O d4 11. Nc2 Bg4 12. h3 Bxf3 13. Qxf3 a6 14. Bxc6 Nxc6 15.
cxd4 Nxd4 16. Nxd4 Qxd4 17. Qxb7 Rfe8 18. d3 Qxd3 19. Bf4 Qe4 20. Qxe4 Rxe4 21.
Bd6 Bxb2 22. Rab1 Bd4 23. Rfc1 Rc8 24. Rc2 Rc6 25. Rb8+ Kg7 26. Bf8+ Kf6 27. Rd8
Re1+ 28. Kh2 Rf1 29. Rxd4 cxd4 30. Rxc6+ Ke5 31. Kg3 d3 32. Rd6 Ra1 33. Rxd3
Rxa2 34. Ra3 Rxa3+ 35. Bxa3 h5 36. Kh4 Kf4 37. Bd6+ Kf5 38. Bc7 f6 39. Bd8 Ke6
40. g4 hxg4 41. hxg4 Ke5 42. Kg3 f5 43. f3 fxg4 44. Kxg4 Ke6 45. Kg5 Ke5 46.
Bc7+ Kd4 47. Kxg6 a5 48. f4 Kd5 49. Bxa5 Ke6 50. f5+ Ke7 51. Kg7 1-0

[Event "Reykjavik Open 2026"]
[Site "Reykjavik ISL"]
[Date "2026.03.28"]
[Round "6.112"]
[White "Olafsson, Olafur Orn"]
[Black "Berezovskii, Arina"]
[Result "1/2-1/2"]
[BlackTitle "WCM"]
[WhiteElo "1764"]
[BlackElo "1999"]
[WhiteFideId "2312042"]
[BlackFideId "34449850"]
[EventDate "2026.03.25"]

1. d4 Nf6 2. c4 e6 3. Nc3 Bb4 4. e3 b6 5. Bd3 Bb7 6. Nf3 O-O 7. O-O Bxc3 8. bxc3
d6 9. Nd2 c5 10. a4 Nc6 11. Ba3 Na5 12. Qe2 Ba6 13. f3 Rc8 14. e4 d5 15. cxd5
Bxd3 16. Qxd3 exd5 17. e5 Nd7 18. f4 f5 19. Rf3 Rc6 20. Rh3 Rg6 21. Re1 Re6 22.
Ree3 g6 23. Nf3 Nc4 24. Rxh7 Re7 25. Rxe7 Qxe7 26. dxc5 Nxe3 27. Qxe3 Nxc5 28.
Ng5 Re8 29. Qd4 Qb7 30. a5 Ne4 31. Nxe4 dxe4 32. Qd6 Qf7 33. axb6 axb6 34. Qxb6
Ra8 35. Qd6 Qa7+ 36. Kf1 Qa6+ 37. Qxa6 Rxa6 38. Bb4 Kf7 39. Bc5 Ke6 40. Kf2 Kd5
41. Bd4 Ra2+ 42. Kf1 Ra6 43. Ke2 Kc4 44. Ke3 Ra8 45. h3 Kd5 46. Kf2 Ra6 47. Ke2
Kc4 48. Ke3 Ra8 49. g3 Rh8 50. h4 Ra8 51. Ke2 Kb3 52. Kd2 Ra2+ 53. Ke3 Rg2 54.
e6 Ra2 55. e7 Ra8 56. g4 Re8 57. Bf6 Kc4 58. gxf5 gxf5 59. h5 Kd5 60. h6 Ke6 61.
Bg7 Kf7 62. Bf8 Kg6 63. c4 Kh7 64. c5 Kg6 65. c6 Kh7 66. c7 Kg6 67. Kd4 Ra8 68.
Bg7 Rc8 69. Ke3 Kh7 70. Ke2 Kg6 71. Ke3 Kh7 72. Kd4 Kg6 73. Bf8 Kh7 1/2-1/2

[Event "Reykjavik Open 2026"]
[Site "Reykjavik ISL"]
[Date "2026.03.28"]
[Round "6.113"]
[White "Briem, Gudrun Fanney"]
[Black "Song, Jeffrey"]
[Result "1-0"]
[WhiteTitle "WCM"]
[WhiteElo "1993"]
[BlackElo "1653"]
[WhiteFideId "2317486"]
[BlackFideId "30976987"]
[EventDate "2026.03.25"]

1. d4 Nf6 2. Bf4 Nc6 3. Nc3 e6 4. e4 Bb4 5. e5 Nd5 6. Bd2 Bxc3 7. bxc3 d6 8.
exd6 Qxd6 9. Nf3 O-O 10. Bb5 Bd7 11. O-O a6 12. Bd3 e5 13. c4 Nf6 14. dxe5 Nxe5
15. Bf4 Nxf3+ 16. Qxf3 Qc6 17. Qxc6 Bxc6 18. Bxc7 Rfe8 19. f3 Re6 20. Kf2 Rae8
21. Rfd1 Nd7 22. Rd2 Nc5 23. Bf5 Rf6 24. Bd3 Ne4+ 25. Bxe4 Bxe4 26. Re1 Bc6 27.
Rxe8+ Bxe8 28. Rd8 Re6 29. c5 h5 30. Rb8 Kh7 31. Rxb7 Bb5 32. a4 Bxa4 33. c4 Re7
34. Rb4 Rxc7 35. Rxa4 Rxc5 36. Ke3 a5 37. Kd4 Rf5 38. Ra2 Kg6 39. c5 a4 40. c6
Rf4+ 41. Kd5 Rf5+ 42. Kd6 Rf4 43. Rc2 Rd4+ 1-0

[Event "Reykjavik Open 2026"]
[Site "Reykjavik ISL"]
[Date "2026.03.28"]
[Round "6.114"]
[White "Butterworth, Paul"]
[Black "Hanisch, Sebastian"]
[Result "1/2-1/2"]
[WhiteElo "1719"]
[BlackElo "1984"]
[WhiteFideId "343419917"]
[BlackFideId "24668150"]
[EventDate "2026.03.25"]

1. d4 Nf6 2. Nf3 g6 3. c4 Bg7 4. Nc3 O-O 5. e4 d6 6. Be2 Nbd7 7. O-O e5 8. d5
Nc5 9. Qc2 a5 10. Bg5 h6 11. Be3 b6 12. Nd2 Ng4 13. Bxg4 Bxg4 14. a3 f5 15. f3
Bh5 16. b4 Nd7 17. Nb5 f4 18. Bf2 Rf7 19. c5 dxc5 20. bxc5 Bf8 21. cxb6 cxb6 22.
Rac1 Nc5 23. Nb3 Rc8 24. Nxc5 Bxc5 25. Qb2 Bxf2+ 26. Rxf2 Rxc1+ 27. Qxc1 g5 28.
Rc2 Qd7 29. a4 Qe7 30. d6 Qe6 31. Rc7 g4 32. Qd1 gxf3 33. gxf3 Rd7 34. Rxd7 Qxd7
35. Qd5+ Bf7 36. Qxe5 Qc6 37. Qxf4 Qc2 38. e5 Bc4 39. Qe3 Qxa4 40. d7 Qd1+ 41.
Kf2 Bxb5 42. e6 Bxd7 43. exd7 Qxd7 44. Qxb6 Qd2+ 45. Kg3 Kg7 46. Qc7+ Kg6 1/2-1/2

[Event "Reykjavik Open 2026"]
[Site "Reykjavik ISL"]
[Date "2026.03.28"]
[Round "6.115"]
[White "Oelschlaeger, Lennart"]
[Black "De Hart, Arthur"]
[Result "1-0"]
[WhiteElo "1984"]
[BlackElo "1611"]
[WhiteFideId "12996807"]
[BlackFideId "1044192"]
[EventDate "2026.03.25"]

1. e4 c6 2. d4 d5 3. e5 Bf5 4. Nf3 e6 5. Be2 c5 6. c3 Nc6 7. O-O cxd4 8. Nxd4
Nxd4 9. cxd4 Ne7 10. Nc3 a6 11. a3 Nc6 12. g4 Bg6 13. f4 Be4 14. Nxe4 dxe4 15.
Be3 Rc8 16. f5 exf5 17. gxf5 Be7 18. Qd2 f6 19. Bh5+ Kf8 20. b4 Qd5 21. Rac1 Rd8
22. e6 h6 23. Qg2 g5 24. Rcd1 Bd6 25. Bf7 Ke7 26. Qc2 Rh7 27. Rf2 Rg7 28. Qa2
Bf4 29. Qxd5 Rxd5 30. Re2 Bxe3+ 31. Rxe3 Kd6 32. e7 Nxe7 33. Bxd5 Nxf5 34. Rxe4
Kxd5 35. Re8 h5 36. Rf1 Nxd4 37. Rd8+ Kc4 38. Rc1+ Kb3 39. Rxd4 Kxa3 40. Rd6
Kxb4 41. Rb6+ Ka5 42. Rcb1 f5 43. Rxb7 Rxb7 44. Rxb7 Ka4 45. Rg7 g4 46. Rg5 Kb4
47. Rxf5 1-0

[Event "Reykjavik Open 2026"]
[Site "Reykjavik ISL"]
[Date "2026.03.28"]
[Round "6.116"]
[White "Han, Eva"]
[Black "Jiang, Brian"]
[Result "0-1"]
[WhiteElo "1710"]
[BlackElo "1983"]
[WhiteFideId "343095824"]
[BlackFideId "2627922"]
[EventDate "2026.03.25"]

1. f4 c5 2. Nf3 g6 3. g3 Bg7 4. Bg2 Nc6 5. O-O e6 6. e4 d5 7. d3 Nge7 8. Nc3 O-O
9. Rb1 Rb8 10. a4 a6 11. Bd2 b5 12. axb5 axb5 13. Ne2 Qb6 14. e5 b4 15. c3 Ba6
16. Be1 Qb5 17. Nc1 Nf5 18. Qd2 bxc3 19. Qxc3 Ne3 20. Rf2 Nd1 21. Qd2 Nxf2 22.
Bxf2 Rfc8 23. Bf1 Nb4 24. Kg2 d4 25. b3 Bb7 26. Be2 Ra8 27. Kg1 Nd5 28. Na2 Qa5
29. Rb2 Nc3 30. b4 Qxa2 31. Rxa2 Rxa2 32. Qe1 Rxe2 33. Qc1 Bxf3 34. bxc5 Rb8 35.
Qa3 Rb1+ 36. Be1 Rbxe1# 0-1

[Event "Reykjavik Open 2026"]
[Site "Reykjavik ISL"]
[Date "2026.03.28"]
[Round "6.117"]
[White "Gulyas Adam Ferenc"]
[Black "Zuiderweg, Edwin"]
[Result "1/2-1/2"]
[WhiteElo "1705"]
[BlackElo "1977"]
[WhiteFideId "2330059"]
[BlackFideId "1012207"]
[EventDate "2026.03.25"]

1. e4 c5 2. Nf3 Nc6 3. d4 cxd4 4. Nxd4 e5 5. Nb5 d6 6. N1c3 a6 7. Na3 Be7 8. Nc4
b5 9. Ne3 Nf6 10. Bd3 Be6 11. O-O O-O 12. a4 b4 13. Ncd5 a5 14. f4 exf4 15. Rxf4
Ne5 16. b3 Bxd5 17. exd5 Nxd3 18. Qxd3 Nh5 19. Rf3 Bf6 20. Rb1 g6 21. Ng4 Bg7
22. Nh6+ Bxh6 23. Bxh6 Ng7 24. Qd4 f6 25. Rbf1 Rc8 26. Rxf6 Rxf6 27. Rxf6 Qe7
28. Bxg7 Qxg7 29. Qf2 Rxc2 30. Qf4 Rc1+ 31. Kf2 Rc2+ 32. Kf1 Rc1+ 33. Kf2 Rc2+
34. Kg3 Rc3+ 35. Kg4 Qd7+ 36. Kg5 h6+ 37. Kxg6 Qg7+ 38. Kf5 Qg5+ 39. Ke6 Qxf4
40. Rxf4 Rxb3 41. Kxd6 Rd3 42. Ke6 b3 43. d6 b2 44. Rf1 Rd2 45. d7 Re2+ 46. Kd6
Rd2+ 47. Ke7 Re2+ 48. Kd8 Rxg2 49. Rd1 Rd2 50. Re1 Kf7 51. Kc7 Rc2+ 52. Kb6 Rc1
53. Rxc1 bxc1=Q 54. d8=Q Qg1+ 55. Ka6 Qxh2 56. Qd7+ Kf6 57. Kb6 Qf2+ 58. Kc7
Qa7+ 59. Kd6 Qb8+ 60. Kc5 Qe5+ 61. Qd5 Qc3+ 62. Kd6 Qa3+ 63. Qc5 Qd3+ 64. Qd5
Qg3+ 65. Kc5 Kg7 1/2-1/2

[Event "Reykjavik Open 2026"]
[Site "Reykjavik ISL"]
[Date "2026.03.28"]
[Round "6.118"]
[White "Haraldsson, Haraldur"]
[Black "Xu, Ruixi"]
[Result "1-0"]
[WhiteElo "1971"]
[BlackElo "1550"]
[WhiteFideId "2311100"]
[BlackFideId "8640610"]
[EventDate "2026.03.25"]

1. d4 d5 2. c4 dxc4 3. Nf3 Nf6 4. e3 Bg4 5. Bxc4 e6 6. Nc3 Nc6 7. h3 Bxf3 8.
Qxf3 Be7 9. Bb5 Qd6 10. Bd2 a6 11. Bxc6+ Qxc6 12. Qxc6+ bxc6 13. Na4 Ne4 14. Rc1
c5 15. dxc5 O-O 16. Ba5 Rac8 17. O-O Rfd8 18. Rc2 Rd5 19. Rfc1 h6 20. Be1 Rb8
21. Kf1 Rbd8 22. Ke2 Bh4 23. g3 Be7 24. f3 Nf6 25. Rd2 Rxd2+ 26. Bxd2 Rd5 27. g4
Nd7 28. b4 Nb8 29. Rc4 Nc6 30. Bc3 Bh4 31. Nb2 Na7 32. a4 e5 33. e4 Rd8 34. Bxe5
c6 35. Nd3 Nc8 36. Rd4 Rxd4 37. Bxd4 Ne7 38. Be5 Nc8 39. Bd6 Bd8 40. Ne5 Na7 41.
Bb8 Bf6 42. Nd7 Nc8 43. Kd3 Be7 44. Nb6 Nxb6 45. cxb6 Bxb4 46. b7 Bc5 47. Kc4
Bf2 48. Bd6 1-0